000
00253nam a2200097Ia 4500
001
643085
005
20250826153539.0
008
250824s9999 xx 000 0 und d
245
0
_a
İKİZLER OKULDA 9 YENİ ÖĞRENCİ KITTY
_c
ENID BLYTON
260
_b
DOĞAN
999
_c
643085
_d
643085